000 00669nam a2200193Ia 4500
003 GCL
008 140319s9999 xx 000 0 ara d
040 _aGCL /
_cGCL
082 0 4 _a301.35
_bم ا
100 1 _aمحمد الجوهرى
245 1 0 _aالانثروبولوجيا اسس نظرية وتطبيقات عملية /
_cمحمد الجوهرى
260 _aالقاهرة :
_bدار المعرفة الجامعية ،
_c1984
300 _a655 ص ؛
_c24 سم
490 _aسلسلة علم الاجتماع المعاصر
_v33
650 0 4 _aالاجتماع
650 0 4 _aالانثربولوجيا
650 0 4 _aعلم الانسان
942 _2ddc
_cBK
999 _c54477
_d54477